[Event "Lliga Catalana eq. DH"]
[Site "?"]
[Date "2014.02.08"]
[Round "3.10"]
[White "Travesset Ribera, D."]
[Black "Costa, V."]
[Result "1-0"]
[WhiteElo "2245"]
[BlackElo "2033"]
[PlyCount "111"]
[EventDate "2014.??.??"]
[EventType "team"]
[EventCountry "ESP"]

1. d4 Nf6 2. Nf3 b6 3. c4 e6 4. g3 Bb7 5. Bg2 d5 6. Ne5 Be7 7. O-O O-O 8. Nc3
c5 9. cxd5 Nxd5 10. dxc5 bxc5 11. Qb3 Qb6 12. Nxd5 exd5 13. Bxd5 Qxb3 14. Bxb3
Bf6 15. Ng4 Nd7 16. Nxf6+ Nxf6 17. Be3 Ba6 18. Rfe1 Rfc8 19. Rac1 c4 20. Ba4
Nd5 21. Bd4 Nb6 22. Bc2 Bb7 23. Bf5 Rc7 24. Red1 g6 25. Bh3 f5 26. Bg2 Bxg2 27.
Kxg2 Rac8 28. Rc2 Kf7 29. Rdc1 Ke6 30. b3 Kd5 31. Rd1 Ke6 32. Bxb6 axb6 33.
Rxc4 Rxc4 34. bxc4 Rxc4 35. Rd2 g5 36. Rb2 Rc6 37. Rb5 h6 38. h3 Kf6 39. Kf3
Kg6 40. e3 Kf6 41. g4 fxg4+ 42. hxg4 Kg7 43. a4 Re6 44. Rb4 Kg6 45. Ke2 Kg7 46.
Kd3 Rf6 47. Rb2 Kg6 48. Kd4 h5 49. gxh5+ Kxh5 50. e4 Kg6 51. Kd5 Kf7 52. Rc2 g4
53. e5 Rf4 54. Rc4 Rxf2 55. Rxg4 Rf5 56. Rb4 1-0

[Event "Lliga Catalana eq. DH"]
[Site "?"]
[Date "2014.02.15"]
[Round "4.1"]
[White "Alsina Leal, D."]
[Black "De la Riva Aguado, O."]
[Result "1-0"]
[WhiteElo "2545"]
[BlackElo "2553"]
[PlyCount "81"]
[EventDate "2014.??.??"]
[EventType "team"]
[EventCountry "ESP"]

1. e4 g6 2. d4 Bg7 3. Nc3 c6 4. f4 Qb6 5. Nf3 d5 6. e5 Bg4 7. Be2 Nh6 8. Na4
Qa5+ 9. c3 Nd7 10. O-O e6 11. b4 Qc7 12. b5 Nf5 13. Rb1 a6 14. b6 Qd8 15. h3
Bxf3 16. Rxf3 h5 17. g3 Bf8 18. Bd3 Rc8 19. Qe1 c5 20. g4 Nh4 21. Rf1 c4 22.
Bc2 Rc6 23. f5 gxf5 24. gxf5 exf5 25. Kh1 Rg8 26. Bxf5 Nxf5 27. Rxf5 Rcg6 28.
Be3 Qe7 29. Bf2 Qe6 30. Rf3 Rg2 31. Qf1 Qg6 32. Re1 Be7 33. Nc5 Bxc5 34. dxc5
Nf8 35. Rf6 Qc2 36. c6 bxc6 37. b7 Nd7 38. e6 fxe6 39. Rexe6+ Kd8 40. Bb6+ Nxb6
41. Rf8+ 1-0

[Event "Lliga Catalana eq. DH"]
[Site "?"]
[Date "2014.02.15"]
[Round "4.1"]
[White "Cuartas Medina, JA."]
[Black "Jerez Perez, A."]
[Result "1/2-1/2"]
[WhiteElo "2537"]
[BlackElo "2444"]
[PlyCount "124"]
[EventDate "2014.??.??"]
[EventType "team"]
[EventCountry "ESP"]

1. e4 e6 2. d4 d5 3. Nc3 Nf6 4. Bg5 Bb4 5. e5 h6 6. Bd2 Bxc3 7. bxc3 Ne4 8. Qg4
g6 9. Bd3 Nxd2 10. Kxd2 c5 11. Nf3 Bd7 12. Rhb1 Bc6 13. h4 c4 14. Be2 Qe7 15.
Nh2 Nd7 16. a4 a5 17. h5 g5 18. Qh3 Kd8 19. Ng4 Kc7 20. Rb2 Ra6 21. Qe3 Raa8
22. Qg3 Raf8 23. Qh2 Rd8 24. Ne3 Nb6 25. Rba2 Kb8 26. Ng4 Nd7 27. f3 Kc7 28.
Ne3 Nb6 29. Ng4 Nd7 30. Qg1 Ra8 31. Rb1 Ra6 32. Qe3 Raa8 33. Qf2 Ra6 34. Qe3
Raa8 35. Qg1 Ra6 36. Qh2 Raa8 37. Rf1 Nb6 38. Rfa1 Nd7 39. Qg1 Ra6 40. Qe3 Raa8
41. Qg1 Ra6 42. Qf2 Raa8 43. Qe3 Ra6 44. f4 Raa8 45. fxg5 Qxg5 46. Qxg5 hxg5
47. Rf1 Raf8 48. Nf6 Nb6 49. Rfa1 Rh6 50. Ke3 Nd7 51. Nxd7 Kxd7 52. Rf1 Ke7 53.
Rb2 f5 54. exf6+ Rfxf6 55. Rxf6 Kxf6 56. Rb1 Kf7 57. g3 Kg7 58. Bg4 Kf7 59. Ra1
Kg7 60. Rb1 Kf7 61. Ra1 Kg7 62. Rb1 Kf7 1/2-1/2

[Event "Lliga Catalana eq. DH"]
[Site "?"]
[Date "2014.02.15"]
[Round "4.1"]
[White "Guerra Mendez, JA."]
[Black "Cordova Daza, E."]
[Result "1/2-1/2"]
[WhiteElo "2404"]
[BlackElo "2568"]
[PlyCount "60"]
[EventDate "2014.??.??"]
[EventType "team"]
[EventCountry "ESP"]

1. e4 e6 2. d4 d5 3. Nc3 Nf6 4. e5 Nfd7 5. f4 c5 6. Nf3 Nc6 7. Be3 Be7 8. Qd2
O-O 9. dxc5 Nxc5 10. O-O-O Qa5 11. Kb1 Rd8 12. Nd4 Bf8 13. g4 Bd7 14. h4 Rab8
15. Nce2 Qa4 16. Nc3 Qa5 17. Nce2 Qc7 18. Nb5 Qc8 19. Ng3 Be8 20. g5 d4 21.
Nxd4 Nxd4 22. Bxd4 Bc6 23. Rh2 b5 24. Qe3 b4 25. b3 a5 26. Rhd2 Bd5 27. Bg2
Bxg2 28. Rxg2 Na6 29. Ne4 Nc7 30. Rgd2 Nd5 1/2-1/2

[Event "Lliga Catalana eq. DH"]
[Site "?"]
[Date "2014.02.15"]
[Round "4.1"]
[White "Movsziszian, K."]
[Black "Cruz Sanchez, JE."]
[Result "1/2-1/2"]
[WhiteElo "2544"]
[BlackElo "2541"]
[PlyCount "64"]
[EventDate "2014.??.??"]
[EventType "team"]
[EventCountry "ESP"]

1. g3 e5 2. Bg2 Nf6 3. d3 Nc6 4. a3 d5 5. b4 a5 6. b5 Na7 7. Bb2 Bc5 8. Nf3 e4
9. dxe4 Nxe4 10. O-O O-O 11. a4 c6 12. Na3 Qb6 13. e3 Bg4 14. c4 Rfd8 15. Qc2
Rac8 16. bxc6 bxc6 17. Nd4 Bxd4 18. Bxd4 c5 19. cxd5 Ng5 20. Bc3 Nf3+ 21. Bxf3
Bxf3 22. e4 Qg6 23. Rfe1 Re8 24. Re3 Bxe4 25. Rae1 f5 26. Qa2 f4 27. d6+ Kh8
28. Rxe4 Rxe4 29. Rxe4 Qxe4 30. Qf7 Rg8 31. Bxg7+ Rxg7 32. Qf8+ Rg8 1/2-1/2

[Event "Lliga Catalana eq. DH"]
[Site "?"]
[Date "2014.02.15"]
[Round "4.1"]
[White "Zurano Lopez, P."]
[Black "Beltran Rueda, S."]
[Result "0-1"]
[WhiteElo "2412"]
[BlackElo "2455"]
[PlyCount "88"]
[EventDate "2014.??.??"]
[EventType "team"]
[EventCountry "ESP"]

1. d4 Nf6 2. g3 d5 3. Bg2 c6 4. Nf3 Bf5 5. O-O e6 6. Nc3 h6 7. Nd2 Bb4 8. e4
Bh7 9. e5 Nfd7 10. Ne2 O-O 11. Nb3 Re8 12. Nf4 Bf8 13. Re1 c5 14. c4 dxc4 15.
Bxb7 Na6 16. Bxa6 cxb3 17. axb3 cxd4 18. Qxd4 Bc5 19. Qc3 Rb8 20. Nd3 Bxd3 21.
Qxd3 Qb6 22. Qxd7 Red8 23. Qa4 Bxf2+ 24. Kf1 Bxe1 25. Kxe1 Qg1+ 26. Bf1 Rd4 27.
Qc6 Rbd8 28. Qg2 Rd1+ 29. Ke2 Qd4 30. Ra4 Qd3+ 31. Kf2 Qc2+ 32. Kg1 Rxf1+ 33.
Qxf1 Rd1 34. Be3 Rxf1+ 35. Kxf1 Qxb3 36. Ra3 Qxb2 37. Rxa7 Qxh2 38. Bf2 Qh1+
39. Ke2 Qe4+ 40. Kf1 Qxe5 41. Ra8+ Kh7 42. Rc8 g5 43. Rc5 Qe4 44. Kg1 Kg6 0-1

[Event "Lliga Catalana eq. DH"]
[Site "?"]
[Date "2014.02.15"]
[Round "4.2"]
[White "Cruz Estrada, F."]
[Black "Gonzalez Perez, A."]
[Result "0-1"]
[WhiteElo "2486"]
[BlackElo "2567"]
[PlyCount "100"]
[EventDate "2014.??.??"]
[EventType "team"]
[EventCountry "ESP"]

1. d4 Nf6 2. c4 g6 3. Nc3 Bg7 4. e4 O-O 5. Be2 d6 6. Nf3 e5 7. O-O exd4 8. Nxd4
Re8 9. Bf3 Nbd7 10. b3 Ne5 11. Be2 Nc6 12. Nxc6 bxc6 13. Bf3 Nd7 14. Bb2 Be5
15. Qd2 Qf6 16. Bg4 Qh4 17. h3 h5 18. Bxd7 Bxd7 19. f4 Bg7 20. Rae1 Rad8 21.
Nd1 Bxb2 22. Qxb2 d5 23. cxd5 cxd5 24. Nc3 Bf5 25. e5 d4 26. Na4 f6 27. Qf2
Qxf2+ 28. Rxf2 fxe5 29. fxe5 Rd5 30. Rc1 d3 31. Rd2 Rdxe5 32. g4 hxg4 33. hxg4
Re2 34. Rcd1 Rxd2 35. Rxd2 Re2 36. Rxe2 dxe2 37. Kf2 Bxg4 38. Nc3 c6 39. b4 Kf7
40. a4 Ke6 41. a5 Ke5 42. b5 Kd4 43. b6 axb6 44. axb6 Kxc3 45. b7 Kd2 46. b8=Q
e1=Q+ 47. Kg2 Qe4+ 48. Kg3 Qd4 49. Qa8 Bf5 50. Qa2+ Bc2 0-1

[Event "Lliga Catalana eq. DH"]
[Site "?"]
[Date "2014.02.15"]
[Round "4.2"]
[White "Gonzalez Rodriguez, JA."]
[Black "Vidarte Morales, A."]
[Result "1/2-1/2"]
[WhiteElo "2471"]
[BlackElo "2408"]
[PlyCount "147"]
[EventDate "2014.??.??"]
[EventType "team"]
[EventCountry "ESP"]

1. b3 e5 2. Bb2 Nc6 3. e3 Nf6 4. c4 d5 5. cxd5 Nxd5 6. a3 Bd6 7. Qc2 O-O 8. Nf3
Re8 9. d3 f5 10. Nbd2 Qe7 11. Be2 Kh8 12. Nc4 Bd7 13. Rd1 Rac8 14. O-O a6 15.
Qd2 b5 16. Nxd6 cxd6 17. g3 Nb6 18. b4 Be6 19. Nh4 d5 20. Rc1 e4 21. Ng2 exd3
22. Bxd3 Nc4 23. Qc3 Rcd8 24. Ba1 Bc8 25. Nf4 d4 26. exd4 Nxd4 27. Bxc4 bxc4
28. f3 Bb7 29. Kg2 Nb3 30. Rce1 Qf7 31. Rxe8+ Rxe8 32. Bb2 h6 33. h4 Kh7 34. h5
Rd8 35. Rf2 Rd1 36. Qc2 Qd7 37. Qc3 Rd2 38. Qxc4 Rxf2+ 39. Kxf2 Nd2 40. Qd3
Qxd3 41. Nxd3 Nxf3 42. Nc5 Bc6 43. Nxa6 Ng5 44. Be5 Ne4+ 45. Ke3 Be8 46. Nc7
Bxh5 47. a4 Ng5 48. Bf4 Nf7 49. Kd4 g5 50. Be5 Bf3 51. Nd5 h5 52. Bc7 f4 53.
gxf4 g4 54. f5 h4 55. b5 g3 56. Nf4 Ng5 57. Ne6 Ne4 58. Ke3 Bg2 59. Nf4 h3 60.
Nxh3 Nc3 61. Ng5+ Kh6 62. Nf7+ Kh5 63. Bxg3 Nxa4 64. Be5 Bf1 65. Nd6 Kg5 66. f6
Nc5 67. b6 Bg2 68. f7 Nd7 69. Ne4+ Kg6 70. Nc5 Kxf7 71. Nxd7 Ke6 72. Nc5+ Kxe5
73. b7 Bxb7 74. Nxb7 1/2-1/2

[Event "Lliga Catalana eq. DH"]
[Site "?"]
[Date "2014.02.15"]
[Round "4.2"]
[White "Moskalenko, V."]
[Black "Kogan, A."]
[Result "1/2-1/2"]
[WhiteElo "2583"]
[BlackElo "2579"]
[PlyCount "117"]
[EventDate "2014.??.??"]
[EventType "team"]
[EventCountry "ESP"]

1. b3 e5 2. Bb2 Nc6 3. e3 d6 4. Nf3 Nf6 5. d4 e4 6. Nfd2 d5 7. c4 Bb4 8. Be2
Ne7 9. Bc3 Bxc3 10. Nxc3 c6 11. Qc2 O-O 12. O-O Bf5 13. Rfc1 Rc8 14. Qb2 Qd6
15. cxd5 Nexd5 16. Nc4 Qb8 17. b4 Rfd8 18. a4 h5 19. Nxd5 Rxd5 20. Ne5 Nd7 21.
Nxd7 Bxd7 22. Rc5 h4 23. Bc4 Rf5 24. Qb3 Rf8 25. Rxf5 Bxf5 26. b5 Qd6 27. h3
Qg6 28. Kh1 Rc8 29. bxc6 Rxc6 30. Bd5 Rb6 31. Qc2 Qf6 32. Rc1 a5 33. Qc7 Rb2
34. Rc2 Rb4 35. Qf4 g5 36. Qb8+ Kg7 37. Rc1 Rb2 38. Rf1 Be6 39. Bxe6 Qxe6 40.
Qd8 Qf5 41. Kg1 Rc2 42. Qe7 g4 43. Qxh4 gxh3 44. Qxh3 Qxh3 45. gxh3 Rc4 46. Ra1
f5 47. Kg2 f4 48. exf4 Rxd4 49. Kg3 Kf6 50. Kg4 Rd8 51. Rb1 Rg8+ 52. Kh4 Rg2
53. Rxb7 Rxf2 54. Kg3 Ra2 55. Rb6+ Kf7 56. f5 Rxa4 57. Kf4 e3+ 58. Kxe3 Ra3+
59. Kf4 1/2-1/2

[Event "Lliga Catalana eq. DH"]
[Site "?"]
[Date "2014.02.15"]
[Round "4.2"]
[White "Pham Guerrero, S."]
[Black "Delorme, Axel"]
[Result "0-1"]
[WhiteElo "2304"]
[BlackElo "2479"]
[PlyCount "44"]
[EventDate "2014.??.??"]
[EventType "team"]
[EventCountry "ESP"]

1. e4 e5 2. f4 d5 3. exd5 exf4 4. Nf3 Nf6 5. Nc3 Bg4 6. Bc4 c6 7. O-O Be7 8. d4
cxd5 9. Bb3 g5 10. Qd3 Bxf3 11. Qxf3 Nc6 12. Nxd5 Nxd4 13. Nxf6+ Bxf6 14. Re1+
Kf8 15. Qxb7 Nxb3 16. axb3 Kg7 17. h4 Qd4+ 18. Kf1 Rhe8 19. Rxe8 Rxe8 20. Qf3
h6 21. Ra4 Qd7 22. c3 g4 0-1

[Event "Lliga Catalana eq. DH"]
[Site "?"]
[Date "2014.02.15"]
[Round "4.2"]
[White "Valdes Romero, L."]
[Black "Ayza Leon, D."]
[Result "1/2-1/2"]
[WhiteElo "2453"]
[BlackElo "2302"]
[PlyCount "72"]
[EventDate "2014.??.??"]
[EventType "team"]
[EventCountry "ESP"]

1. Nf3 Nf6 2. c4 b6 3. g3 Bb7 4. Bg2 c5 5. O-O g6 6. Nc3 Bg7 7. d4 cxd4 8. Qxd4
d6 9. Rd1 Nbd7 10. Be3 O-O 11. Qh4 Rc8 12. Rac1 a6 13. b3 Rc7 14. g4 h6 15. g5
hxg5 16. Nxg5 Bxg2 17. Kxg2 Re8 18. f3 Rb7 19. Bd4 Nh5 20. Kh1 Ndf6 21. Nce4
Nxe4 22. Qxe4 e5 23. Qxb7 Qxg5 24. Bf2 e4 25. e3 Qf5 26. f4 Nxf4 27. exf4 Qxf4
28. Qd7 Be5 29. Qxe8+ Kg7 30. Bg3 Qf3+ 31. Kg1 Bxg3 32. Rf1 Bxh2+ 33. Kxh2 Qh5+
34. Kg2 Qg5+ 35. Kf2 Qd2+ 36. Kg1 Qg5+ 1/2-1/2

[Event "Lliga Catalana eq. DH"]
[Site "?"]
[Date "2014.02.15"]
[Round "4.3"]
[White "Asis Gargatagli, H."]
[Black "Gallego Martinez, R."]
[Result "1-0"]
[WhiteElo "2514"]
[BlackElo "2296"]
[PlyCount "69"]
[EventDate "2014.??.??"]
[EventType "team"]
[EventCountry "ESP"]

1. e4 c5 2. Nf3 e6 3. d3 d5 4. Qe2 Nf6 5. g3 Be7 6. Bg2 O-O 7. O-O Nc6 8. e5
Nd7 9. c4 Re8 10. Re1 Bf8 11. Bf4 a6 12. Nc3 Nb6 13. Rad1 Bd7 14. b3 Rc8 15. h4
Nd4 16. Nxd4 cxd4 17. Nb1 Bc6 18. Nd2 a5 19. Qg4 Nd7 20. Nf3 Qb6 21. Ng5 h6 22.
Nxf7 Kxf7 23. cxd5 Bb5 24. a4 Ba6 25. Be4 Nc5 26. Qg6+ Ke7 27. d6+ Kd8 28. Qf7
Qxb3 29. Bd2 b6 30. Rb1 Qxa4 31. Rxb6 Nxe4 32. dxe4 Bb5 33. Rb7 Qa2 34. d7 Qxd2
35. Qxe8# 1-0

[Event "Lliga Catalana eq. DH"]
[Site "?"]
[Date "2014.02.15"]
[Round "4.3"]
[White "Benet Catala, A."]
[Black "Ayas Fernandez, A."]
[Result "1-0"]
[WhiteElo "2329"]
[BlackElo "2346"]
[PlyCount "83"]
[EventDate "2014.??.??"]
[EventType "team"]
[EventCountry "ESP"]

1. g3 d5 2. Bg2 Nf6 3. d3 c6 4. Nf3 Bg4 5. Nbd2 Nbd7 6. h3 Bh5 7. O-O e6 8. e4
Bc5 9. g4 dxe4 10. dxe4 Bg6 11. Qe2 e5 12. Ne1 O-O 13. Nd3 Bd6 14. Nc4 Bc7 15.
Bg5 h6 16. Bh4 Qe7 17. Ne3 Rfe8 18. Kh1 Qf8 19. Nf5 Nh7 20. Rad1 Ng5 21. Bg3
Rad8 22. f4 exf4 23. Nxf4 Bxf5 24. gxf5 Nxe4 25. Bxe4 Nf6 26. Ne6 fxe6 27. Bxc7
Rxd1 28. Rxd1 Qf7 29. Be5 exf5 30. Bxf5 Nh5 31. Qg4 Rxe5 32. Rd8+ Re8 33. Be6
Ng3+ 34. Kg2 Rxd8 35. Bxf7+ Kxf7 36. Kxg3 Rd5 37. Qc8 Rb5 38. b3 a6 39. c4 Rg5+
40. Kf3 b5 41. Qxc6 Rg6 42. Qb7+ 1-0

[Event "Lliga Catalana eq. DH"]
[Site "?"]
[Date "2014.02.15"]
[Round "4.3"]
[White "Capellades Subirana, M."]
[Black "Granados Gomez, M."]
[Result "1/2-1/2"]
[WhiteElo "2298"]
[BlackElo "2434"]
[PlyCount "29"]
[EventDate "2014.??.??"]
[EventType "team"]
[EventCountry "ESP"]

1. e4 c5 2. Nf3 a6 3. d4 cxd4 4. Nxd4 Nf6 5. Nc3 e5 6. Nb3 Bb4 7. Bd2 Nc6 8.
Bd3 O-O 9. O-O h6 10. Nd5 Bxd2 11. Qxd2 d6 12. Rad1 Be6 13. c3 Rc8 14. Nxf6+
Qxf6 15. f4 1/2-1/2

[Event "Lliga Catalana eq. DH"]
[Site "?"]
[Date "2014.02.15"]
[Round "4.3"]
[White "Dominguez Pons, E."]
[Black "Boix Moreno, D."]
[Result "1-0"]
[WhiteElo "2389"]
[BlackElo "2386"]
[PlyCount "97"]
[EventDate "2014.??.??"]
[EventType "team"]
[EventCountry "ESP"]

1. e4 c5 2. Nf3 d6 3. d4 cxd4 4. Nxd4 Nf6 5. Nc3 a6 6. Be2 e5 7. Nb3 Be7 8. Bg5
Be6 9. Bxf6 Bxf6 10. Qd3 Nc6 11. O-O-O Nd4 12. Nxd4 exd4 13. Nd5 Bxd5 14. exd5
h5 15. Kb1 Kf8 16. h4 Qd7 17. Qf3 Re8 18. g3 Qe7 19. Bd3 g6 20. Qg2 Qd7 21. Be4
Kg7 22. f3 Qd8 23. Rdg1 Qb6 24. Bd3 Qa5 25. f4 Re3 26. a3 Rhe8 27. Rd1 Re1 28.
Ka2 Rxd1 29. Rxd1 b5 30. Qd2 Qxd2 31. Rxd2 Re3 32. Rg2 Bd8 33. Rg1 f5 34. b4
Bb6 35. Kb3 Re7 36. a4 bxa4+ 37. Kxa4 Kh6 38. Rg2 Ra7 39. Re2 a5 40. Kb5 Bd8
41. Re8 a4 42. Rxd8 a3 43. Bc4 a2 44. Bxa2 Rxa2 45. Rc8 Ra3 46. Kc6 Ra6+ 47.
Kd7 Ra4 48. Rc4 Ra3 49. b5 1-0

[Event "Lliga Catalana eq. DH"]
[Site "?"]
[Date "2014.02.15"]
[Round "4.3"]
[White "Dvirnyy, D."]
[Black "Cruz Sanchez, C."]
[Result "1-0"]
[WhiteElo "2574"]
[BlackElo "2593"]
[PlyCount "69"]
[EventDate "2014.??.??"]
[EventType "team"]
[EventCountry "ESP"]

1. c4 e6 2. g3 f5 3. Bg2 Nf6 4. Nf3 d5 5. O-O c6 6. b3 Bd6 7. Bb2 O-O 8. d3 Qe7
9. Nbd2 e5 10. cxd5 cxd5 11. e4 fxe4 12. dxe4 d4 13. Bxd4 exd4 14. e5 Bxe5 15.
Re1 Bg4 16. h3 Bxf3 17. Nxf3 Nc6 18. Nxe5 Nxe5 19. f4 Rfd8 20. fxe5 Ne8 21. Qf3
Rac8 22. Rad1 g6 23. Qxb7 Rc7 24. Qe4 Ng7 25. Bf1 Nf5 26. Qf4 Kg7 27. Bc4 Rc5
28. Rd3 Rf8 29. e6 h5 30. Rf3 Qd6 31. g4 hxg4 32. hxg4 Qxf4 33. Rxf4 Ne7 34.
Rxd4 Rg5 35. Ree4 1-0

[Event "Lliga Catalana eq. DH"]
[Site "?"]
[Date "2014.02.15"]
[Round "4.3"]
[White "Vehi Bach, VM."]
[Black "Alonso Garcia, R."]
[Result "1/2-1/2"]
[WhiteElo "2381"]
[BlackElo "2423"]
[PlyCount "30"]
[EventDate "2014.??.??"]
[EventType "team"]
[EventCountry "ESP"]

1. e4 e6 2. d4 d5 3. Nc3 Bb4 4. e5 c5 5. a3 Bxc3+ 6. bxc3 Ne7 7. Qg4 O-O 8. Bd3
Nbc6 9. Qh5 Ng6 10. Nf3 Qc7 11. Be3 c4 12. Bxg6 fxg6 13. Qg4 b5 14. h4 Rf5 15.
Ng1 Qa5 1/2-1/2

[Event "Lliga Catalana eq. DH"]
[Site "?"]
[Date "2014.02.15"]
[Round "4.4"]
[White "Cuadras Avellana, J."]
[Black "Gomez Jurado, LA."]
[Result "1-0"]
[WhiteElo "2374"]
[BlackElo "2365"]
[PlyCount "65"]
[EventDate "2014.??.??"]
[EventType "team"]
[EventCountry "ESP"]

1. Nf3 Nf6 2. c4 e6 3. g3 d5 4. Bg2 g6 5. b3 Bg7 6. Ba3 Ne4 7. d4 c5 8. O-O Nc6
9. e3 O-O 10. Bb2 dxc4 11. bxc4 Qb6 12. Qb3 Na5 13. Qxb6 axb6 14. Na3 Rd8 15.
Ne5 Nd6 16. dxc5 bxc5 17. Rfd1 f6 18. Nb5 Ra6 19. Bc3 fxe5 20. Bxa5 Rxa5 21.
Rxd6 Rxd6 22. Nxd6 e4 23. Rd1 Ra8 24. Bxe4 Bd7 25. Nxb7 Be8 26. Nxc5 Rxa2 27.
Nxe6 Bf6 28. Bd5 Bf7 29. Nf4 Rc2 30. h4 Kg7 31. Bxf7 Kxf7 32. Rd7+ Kg8 33. Rc7
1-0

[Event "Lliga Catalana eq. DH"]
[Site "?"]
[Date "2014.02.15"]
[Round "4.4"]
[White "Escobar Torres, A."]
[Black "Herrero Sabartes, J."]
[Result "1-0"]
[WhiteElo "2232"]
[BlackElo "2329"]
[PlyCount "73"]
[EventDate "2014.??.??"]
[EventType "team"]
[EventCountry "ESP"]

1. d4 Nf6 2. Nf3 e6 3. Bf4 c5 4. e3 Nc6 5. c3 cxd4 6. exd4 b6 7. Bd3 Bb7 8. O-O
Be7 9. Re1 O-O 10. h3 d6 11. Qe2 Rc8 12. Nbd2 Re8 13. Qf1 Rc7 14. Rad1 Qc8 15.
Nc4 Rd8 16. Bh2 Nd5 17. Qe2 b5 18. Ne3 Nxe3 19. fxe3 a6 20. a3 Bf6 21. Nd2 Na5
22. Rf1 Be7 23. Rxf7 Kxf7 24. Qh5+ g6 25. Qxh7+ Ke8 26. Bxg6+ Kd7 27. Bf7 Rf8
28. Rf1 Rxf7 29. Rxf7 Qd8 30. Qg6 Nc4 31. Nxc4 bxc4 32. Bf4 Kc6 33. Qxe6 Kb6
34. e4 Bf8 35. d5 Qc8 36. Qf6 Rxf7 37. Be3+ 1-0

[Event "Lliga Catalana eq. DH"]
[Site "?"]
[Date "2014.02.15"]
[Round "4.4"]
[White "Garcia Paolicchi, R."]
[Black "Pardo Simon, D."]
[Result "1/2-1/2"]
[WhiteElo "2280"]
[BlackElo "2468"]
[PlyCount "74"]
[EventDate "2014.??.??"]
[EventType "team"]
[EventCountry "ESP"]

1. d4 a6 2. c4 e6 3. Nf3 c5 4. d5 exd5 5. cxd5 d6 6. a4 g6 7. Nc3 Bg7 8. h3 f5
9. Bg5 Nf6 10. e3 O-O 11. Be2 Nbd7 12. O-O b6 13. Qc2 Qe7 14. Rfe1 h6 15. Bf4
Ne5 16. Nd2 Nfd7 17. Bh2 Bb7 18. f4 Nf7 19. Bd3 Rae8 20. Re2 Bxc3 21. bxc3 Bxd5
22. Bxa6 Nf6 23. Bd3 Ne4 24. Rb1 Nxd2 25. Qxd2 Be4 26. Rxb6 Qa7 27. Ra6 Qb7 28.
Bb5 Re7 29. Bg3 Qc7 30. c4 Bb7 31. Ra7 Qb6 32. Qa5 Qxa5 33. Rxa5 Be4 34. Be1
Rb8 35. Bc3 Bd3 36. Re1 Re4 37. Ra7 Bxc4 1/2-1/2

[Event "Lliga Catalana eq. DH"]
[Site "?"]
[Date "2014.02.15"]
[Round "4.4"]
[White "Libiszewski, F."]
[Black "Fluvia Poyatos, Joan"]
[Result "0-1"]
[WhiteElo "2497"]
[BlackElo "2554"]
[PlyCount "56"]
[EventDate "2014.??.??"]
[EventType "team"]
[EventCountry "ESP"]

1. e4 c5 2. Nf3 Nf6 3. Nc3 Nc6 4. Bb5 Qc7 5. d3 a6 6. Bxc6 Qxc6 7. O-O d6 8.
Bg5 e6 9. Bxf6 gxf6 10. d4 cxd4 11. Nxd4 Qc7 12. Qd2 Bd7 13. a4 Rg8 14. a5 Rg5
15. f4 Rc5 16. Ra3 Rc4 17. Kh1 d5 18. Raa1 Bc5 19. Nb3 dxe4 20. Qe2 Be7 21.
Nxe4 Rxc2 22. Qh5 Bc6 23. Qxh7 O-O-O 24. Nd6+ Bxd6 25. Qxc2 Bxf4 26. Qh7 f5 27.
Rxf4 Qxf4 28. Qxf7 Rh8 0-1

[Event "Lliga Catalana eq. DH"]
[Site "?"]
[Date "2014.02.15"]
[Round "4.4"]
[White "Rivero Ojeda, C."]
[Black "Travesset Ribera, J."]
[Result "1/2-1/2"]
[WhiteElo "2350"]
[BlackElo "2320"]
[PlyCount "49"]
[EventDate "2014.??.??"]
[EventType "team"]
[EventCountry "ESP"]

1. e4 c5 2. c3 d5 3. exd5 Qxd5 4. Nf3 Nc6 5. d4 e5 6. dxe5 Qxd1+ 7. Kxd1 Bg4 8.
Bf4 Nge7 9. Be2 Ng6 10. Bg3 O-O-O+ 11. Nbd2 Bxf3 12. Bxf3 Ncxe5 13. Be4 Bd6 14.
Kc2 Kb8 15. Rad1 Bc7 16. Nb3 b6 17. a4 a5 18. Nd2 Ng4 19. Bxc7+ Kxc7 20. Rdf1
Rhe8 21. h3 Nf6 22. Bxg6 hxg6 23. Re1 Nd5 24. g3 g5 25. Nf3 1/2-1/2

[Event "Lliga Catalana eq. DH"]
[Site "?"]
[Date "2014.02.15"]
[Round "4.4"]
[White "Torrecillas Martinez, A."]
[Black "Gonzales Perez, JA."]
[Result "1/2-1/2"]
[WhiteElo "2412"]
[BlackElo "2242"]
[PlyCount "69"]
[EventDate "2014.??.??"]
[EventType "team"]
[EventCountry "ESP"]

1. e4 e5 2. Nf3 Nc6 3. Bb5 a6 4. Ba4 Nf6 5. O-O Nxe4 6. d4 b5 7. Bb3 d5 8. dxe5
Be6 9. Qe2 Bc5 10. Be3 Bxe3 11. Qxe3 O-O 12. c3 Na5 13. Nd4 c5 14. Nxe6 fxe6
15. f3 Qg5 16. Re1 Nxb3 17. axb3 Qxe3+ 18. Rxe3 Ng5 19. Nd2 Rfc8 20. Kf2 Nf7
21. Ree1 Nd8 22. f4 Nc6 23. g4 g6 24. Kg3 a5 25. Ra2 Rc7 26. Nf3 h6 27. Nh4 Kh7
28. Raa1 Rf8 29. Re2 Rcf7 30. Rf1 d4 31. Re4 Rd7 32. cxd4 Rxd4 33. Re3 Rd5 34.
Rf2 Nd4 35. Nf3 1/2-1/2

[Event "Lliga Catalana eq. DH"]
[Site "?"]
[Date "2014.02.15"]
[Round "4.5"]
[White "Alexandrova, O."]
[Black "Jose Queralto, D."]
[Result "1-0"]
[WhiteElo "2448"]
[BlackElo "2218"]
[PlyCount "85"]
[EventDate "2014.??.??"]
[EventType "team"]
[EventCountry "ESP"]

1. d4 d5 2. Nf3 Nf6 3. e3 e6 4. Bd3 c5 5. b3 Nc6 6. O-O Bd6 7. Bb2 O-O 8. Nbd2
a6 9. c4 b6 10. Rc1 Bb7 11. cxd5 Nxd5 12. Ne4 cxd4 13. Nxd6 Qxd6 14. Nxd4 Nxd4
15. Bxd4 Rfe8 16. Qh5 g6 17. Qh6 e5 18. Bb2 Qf8 19. Qg5 Qe7 20. Qg3 f6 21. h4
Rac8 22. h5 e4 23. Bc4 Kg7 24. h6+ Kf8 25. Rfd1 Red8 26. Bxd5 Rxc1 27. Rxc1
Rxd5 28. Rc7 Rd7 29. Bxf6 Rd1+ 30. Kh2 Qxf6 31. Rxb7 Rd5 32. Qb8+ Rd8 33. Qf4
Qxf4+ 34. exf4 Rd2 35. Kg3 Rxa2 36. Rxb6 a5 37. Rb7 Rb2 38. Rxh7 Rxb3+ 39. Kg4
Rb5 40. Rg7 Rb6 41. Ra7 Rb5 42. h7 Rh5 43. f5 1-0

[Event "Lliga Catalana eq. DH"]
[Site "?"]
[Date "2014.02.15"]
[Round "4.5"]
[White "Bravo Barranco, N."]
[Black "Lillo Castany, V."]
[Result "0-1"]
[WhiteElo "2340"]
[BlackElo "2359"]
[PlyCount "96"]
[EventDate "2014.??.??"]
[EventType "team"]
[EventCountry "ESP"]

1. e4 e5 2. Nf3 Nc6 3. Bb5 f5 4. d4 fxe4 5. Bxc6 dxc6 6. Nxe5 Nf6 7. Bg5 Bd6 8.
Nd2 O-O 9. c3 Qe8 10. Qe2 Bxe5 11. dxe5 Ng4 12. Nxe4 Qxe5 13. f3 Bf5 14. Ng3
Rfe8 15. fxg4 Bxg4 16. Qxe5 Rxe5+ 17. Kd2 Rxg5 18. Rae1 Rd8+ 19. Kc1 Rgd5 20.
Re4 Bc8 21. Re7 R5d7 22. Rhe1 Kf8 23. R7e5 Rf7 24. Ne4 h6 25. Nc5 Rf2 26. R5e2
Rxe2 27. Rxe2 Rd6 28. Ne4 Rd5 29. Ng3 b6 30. Kc2 c5 31. c4 Rd4 32. Kc3 g6 33.
Re4 Rxe4 34. Nxe4 Bb7 35. Kd3 Ke7 36. g3 Bxe4+ 37. Kxe4 Ke6 38. Kf4 c6 39. h4
Kf6 40. Ke4 g5 41. h5 Ke6 42. g4 Kf6 43. a3 Ke6 44. a4 Kf6 45. Kf3 Ke5 46. Ke3
a6 47. a5 bxa5 48. b3 a4 0-1

[Event "Lliga Catalana eq. DH"]
[Site "?"]
[Date "2014.02.15"]
[Round "4.5"]
[White "Cervello Tost, F."]
[Black "Almeida Toledano, D."]
[Result "1/2-1/2"]
[WhiteElo "2232"]
[BlackElo "2360"]
[PlyCount "36"]
[EventDate "2014.??.??"]
[EventType "team"]
[EventCountry "ESP"]

1. d4 d5 2. Bg5 Nf6 3. Bxf6 exf6 4. e3 Be6 5. g3 c6 6. Bg2 Bd6 7. Ne2 Nd7 8.
Nd2 f5 9. Nf4 Nf6 10. O-O g5 11. Nxe6 fxe6 12. c4 O-O 13. c5 Bc7 14. f4 b5 15.
a4 b4 16. b3 a5 17. Qe2 g4 18. Kf2 h5 1/2-1/2

[Event "Lliga Catalana eq. DH"]
[Site "?"]
[Date "2014.02.15"]
[Round "4.5"]
[White "Lorenzo de la Riva, L."]
[Black "Gual Pascual, A."]
[Result "0-1"]
[WhiteElo "2502"]
[BlackElo "2516"]
[PlyCount "58"]
[EventDate "2014.??.??"]
[EventType "team"]
[EventCountry "ESP"]

1. e4 g6 2. d4 Bg7 3. Nc3 d6 4. f4 Nf6 5. Nf3 c5 6. Bb5+ Bd7 7. Bxd7+ Nbxd7 8.
e5 Nh5 9. g4 Nxf4 10. Bxf4 cxd4 11. e6 dxc3 12. exf7+ Kf8 13. Nd4 Qa5 14. O-O
cxb2 15. Rb1 Qd5 16. Be3 h5 17. c4 Qe4 18. Qd2 hxg4 19. Qd3 Qe5 20. Rxb2 Rh3
21. Re2 Rxe3 22. Ne6+ Qxe6 23. Rxe3 Ne5 24. Qe4 Bh6 25. Re2 Qxc4 26. Qxb7 Rd8
27. Re4 Qd3 28. Kg2 Qh3+ 29. Kf2 Qxh2+ 0-1